Ralph S. Mouse / (Record no. 507)

MARC details
000 -LEADER
fixed length control field 01006cam a2200289 a 4500
005 - DATE AND TIME OF LATEST TRANSACTION
control field 20230511103012.0
020 ## - INTERNATIONAL STANDARD BOOK NUMBER
International Standard Book Number 0380709570
020 ## - INTERNATIONAL STANDARD BOOK NUMBER
International Standard Book Number 0590687301
040 ## - CATALOGING SOURCE
Original cataloging agency DLC
Transcribing agency DLC
Modifying agency DLC
Language of cataloging eng
050 00 - LIBRARY OF CONGRESS CALL NUMBER
Classification number PZ7.C5792
Item number Raf 2000
082 00 - DEWEY DECIMAL CLASSIFICATION NUMBER
Classification number 813.54
Edition number 21
100 1# - MAIN ENTRY--PERSONAL NAME
Personal name Cleary, Beverly.
245 10 - TITLE STATEMENT
Title Ralph S. Mouse /
Statement of responsibility, etc. Beverly Cleary ; illustrated by Paul O. Zelinsky.
250 ## - EDITION STATEMENT
Edition statement 1st Scholastic printing, September 1998.
260 ## - PUBLICATION, DISTRIBUTION, ETC.
Place of publication, distribution, etc. New York :
Name of publisher, distributor, etc. Scholastic.
Date of publication, distribution, etc. 1998.
300 ## - PHYSICAL DESCRIPTION
Extent 160 pages :
Other physical details illustrations. ;
Dimensions 21 cm.
505 ## - FORMATTED CONTENTS NOTE
Formatted contents note Q
520 ## - SUMMARY, ETC.
Summary, etc. Presents the further adventures of a motorcycle-riding mouse who goes to school and becomes the instigator of an investigation of rodents and the peacemaker for two lonely boys.
521 ## - TARGET AUDIENCE NOTE
Target audience note 860 <br/>
Source Lexile
521 ## - TARGET AUDIENCE NOTE
Target audience note Q <br/>
Source Raz-Plus
650 #1 - SUBJECT ADDED ENTRY--TOPICAL TERM
Topical term or geographic name entry element Mice
Form subdivision Fiction.
700 1# - ADDED ENTRY--PERSONAL NAME
Personal name Zelinsky, Paul O.,
Relator term ill.
906 ## - LOCAL DATA ELEMENT F, LDF (RLIN)
a 7
b cbc
c origcop
d 2
e ncip
f 20
g y-gencatlg
942 ## - ADDED ENTRY ELEMENTS (KOHA)
Source of classification or shelving scheme Dewey Decimal Classification
Koha item type Books
Suppress in OPAC No
999 ## -
-- 507
-- 507
Holdings
Withdrawn status Lost status Source of classification or shelving scheme Damaged status Not for loan Collection Home library Current library Shelving location Date acquired Total Checkouts Full call number Barcode Date last seen Price effective from Koha item type
    Library of Congress Classification     Juvenile Fiction Footprints International School Library Network Toul Kork Campus Footprints International School Library Network Toul Kork Campus A TK Campus, 4th Floor, Room B401, Fiction Bookcases (1-6) 05/11/2023   CLE 813.54 PZ7.C5792 FISTKG3A077 05/11/2023 05/11/2023 Books